The Course of my Life : My Autobiography /
Memoria política de Edward Heat (1916-2005), político conservador inglés, que ocupó diversos cargos públicos entre ellos, el de Primer ministro de Estado, parlamentarista y miembro de los ministerios del trabajo y relaciones exteriores. La presente obra da cuenta de sus ideales y posicionamiento pol...
Na minha lista:
| Autor principal: | |
|---|---|
| Formato: | Livro |
| Idioma: | inglês |
| Publicado em: |
Londres, Inglaterra :
Hodder and Stoughton : Coronet,
1999, c1999
|
| Colecção: | (Coronet
|
| Assuntos: | |
| Tags: |
Sem tags, seja o primeiro a adicionar uma tag!
|
MARC
| LEADER | 00000nam^a2200000^a^4500 | ||
|---|---|---|---|
| 001 | 000316661 | ||
| 005 | 20250624000000.0 | ||
| 009 | 20260310113320.923 | ||
| 020 | |a 0-340-70853-0 | ||
| 037 | |a Acervo ITESO - Biblioteca | ||
| 041 | |a ING | ||
| 082 | |a 320. 942085 |b HEA | ||
| 100 | |a Heath, Edward |e (autor) | ||
| 245 | 1 | 4 | |a The Course of my Life : |b My Autobiography / |c E. Heath. |
| 264 | 4 | |a Londres, Inglaterra : |b Hodder and Stoughton : |b Coronet, |c 1999, c1999 | |
| 300 | |a XIV, 767 p. | ||
| 336 | |a texto |b txt |2 rdacontenido | ||
| 337 | |a sin mediación |b n |2 rdamedio | ||
| 338 | |a volumen |b nc |2 rdasoporte | ||
| 440 | 1 | |a (Coronet | |
| 520 | |a Memoria política de Edward Heat (1916-2005), político conservador inglés, que ocupó diversos cargos públicos entre ellos, el de Primer ministro de Estado, parlamentarista y miembro de los ministerios del trabajo y relaciones exteriores. La presente obra da cuenta de sus ideales y posicionamiento político en favor de su nación. | ||
| 649 | |a XX | ||
| 650 | |a Políticos Ingleses - |x Memorias | ||
| 650 | |a Jefes de Estado Ingleses - |x Memorias | ||
| 650 | |a Política Exterior - |z Inglaterra - |x Historia - |y Isabel II, 1952 en Adelante | ||
| 650 | |a Política - |z Inglaterra - |x Historia - |y Jorge VI, 1936-1952 | ||
| 650 | |a Política - |z Inglaterra - |x Historia - |y Isabel II, 1952-2022 | ||
| 650 | |a Inglaterra - |x Historia - |y Jorge VI, 1936-1952 | ||
| 650 | |a Inglaterra - |x Historia - |y Isabel II, 1952-2022 | ||
| 650 | |a Inglaterra - |x Condiciones Políticas | ||
| 650 | |a Heath, Edward - |x Tema Principal | ||
| 910 | |a Fondo General | ||
| 920 | |a Impresos - Libros | ||
| 930 | |a Colección General | ||
| 905 | |a 101 | ||
| 901 | |a 0500203240 |b IT1 |c ACC |d DT |i D56993 |u 20250624 | ||
| 902 | |a https://opac.biblio.iteso.mx/vufind/Record/000316661 | ||